Villes du Royaume-Uni par indices - Statistiques

Statistiques générales
  • Ce quiz a été pris 57 fois
  • Le résultat moyen est 10 sur 20
Statistiques - réponses
Indice Ville % Correct
La plus ancienne université du pays s'y trouve Oxford
94%
Capitale anglaise, résidence de la famille royale Londres
87%
Autre grande ville universitaire Cambridge
80%
Elle a donné son nom à la ville étatsunienne la plus peuplée York
76%
Ses clubs de football, rouge et bleu, sont parmi les plus titrés du pays Manchester
72%
Ville d'origine des Beatles Liverpool
69%
Capitale galloise Cardiff
65%
Le Titanic y fût construit Belfast
52%
Ses falaises blanches sont fameuses Douvres
52%
Lieu de l'action de la série Peaky Blinders Birmingham
50%
Son sheriff est l'ennemi juré de Robin des Bois Nottingham
50%
Son château domine une vieille ville en pierre sombre Édimbourg
48%
Ville côtière à la grande jetée, havre pour la communauté LGBTQ Brighton
43%
Guillaume le conquérant y remporte une grande victoire en 1066 Hastings
39%
Ville de Banksy et type de papier Bristol
31%
Plus grand port du monde à l'apogée de l'empire britannique Portsmouth
26%
Ville fétiche de Jane Austen, inscrite à l'Unesco depuis 1987 Bath
17%
Le plus ancien club de football y est basé Sheffield
17%
Sa statue de Wellington est célèbre pour son immuable cône de circulation Glasgow
15%
Ville de potiers, aux grosses cheminées de brique Stoke-on-Trent
7%
Aucun quiz correspondant
Distribution des résultats
% des personnes avec chaque résultat
Percentile par nombre de réponses
Votre historique - résultats
Vous n’avez pas pris ce quiz